Managing computers in the hospitality industry / (Record no. 361934)
[ view plain ]
| 000 -LEADER | |
|---|---|
| fixed length control field | 00599nam a22001817a 4500 |
| 003 - CONTROL NUMBER IDENTIFIER | |
| control field | sfu0570 |
| 005 - DATE AND TIME OF LATEST TRANSACTION | |
| control field | 20190703143529.0 |
| 008 - FIXED-LENGTH DATA ELEMENTS--GENERAL INFORMATION | |
| fixed length control field | 190703b xxu||||| |||| 00| 0 eng d |
| 020 ## - INTERNATIONAL STANDARD BOOK NUMBER | |
| International Standard Book Number | 0-86612-036X |
| 050 ## - LIBRARY OF CONGRESS CALL NUMBER | |
| Classification number | TX 911.3.M27 |
| 100 ## - MAIN ENTRY--PERSONAL NAME | |
| Personal name | Michael L Kasavana |
| 245 ## - TITLE STATEMENT | |
| Title | Managing computers in the hospitality industry / |
| Remainder of title | Michael L Kasavana; John J Cahill |
| 260 ## - PUBLICATION, DISTRIBUTION, ETC. (IMPRINT) | |
| Place of publication, distribution, etc | East Lansing, Mich. : |
| Name of publisher, distributor, etc | Educational Institute of the American Hotel & Motel Association |
| Date of publication, distribution, etc | 1987 |
| 300 ## - PHYSICAL DESCRIPTION | |
| Extent | 420 pages |
| 690 ## - LOCAL SUBJECT ADDED ENTRY--TOPICAL TERM (OCLC, RLIN) | |
| Source of heading or term | Hospitality industry -- Data processing. |
| 700 ## - ADDED ENTRY--PERSONAL NAME | |
| Personal name | John J Cahill |
| 942 ## - ADDED ENTRY ELEMENTS (KOHA) | |
| Source of classification or shelving scheme | Library of Congress Classification |
| Koha item type | Books |
| Withdrawn status | Lost status | Source of classification or shelving scheme | Damaged status | Home library | Current library | Shelving location | Date acquired | Source of acquisition | Sub Shelving location | Total Checkouts | Full call number | Barcode | Date last seen | Price effective from | Koha item type |
|---|---|---|---|---|---|---|---|---|---|---|---|---|---|---|---|
| Library of Congress Classification | Southville International School Affiliated with Foreign Universities Library | Southville International School Affiliated with Foreign Universities Library | Southville Foreign University Section | 07/03/2019 | Library Fund | TX 911.3.M27 | SFU0570 | 07/03/2019 | 07/03/2019 | Books |